Allah ki Azmat aur Quraan ka Nazreya e ilm o science (Record no. 327241)

000 -LEADER
fixed length control field 00341 a2200133 4500
001 - CONTROL NUMBER
control field 92168
082 ## - DEWEY DECIMAL CLASSIFICATION NUMBER
Classification number 297.265 AZI
090 ## - LOCALLY ASSIGNED LC-TYPE CALL NUMBER (OCLC); LOCAL CALL NUMBER (RLIN)
-- 44131
-- 44130
100 ## - MAIN ENTRY--PERSONAL NAME
Personal name Aziz Ahmad Khan
245 ## - TITLE STATEMENT
Title Allah ki Azmat aur Quraan ka Nazreya e ilm o science
260 ## - PUBLICATION, DISTRIBUTION, ETC.
Place of publication, distribution, etc. Lahore
Name of publisher, distributor, etc. Al-Faisal
Date of publication, distribution, etc. 1999
300 ## - PHYSICAL DESCRIPTION
Extent viii, 240p.
Other physical details Pb
500 ## - GENERAL NOTE
General note General Book
942 ## - ADDED ENTRY ELEMENTS (KOHA)
Institution code [OBSOLETE] CAE NUST
Call number prefix 297.265 AZI
Holdings
Withdrawn status Lost status Damaged status Not for loan Collection code Permanent Location Current Location Date acquired Total Checkouts Full call number Barcode Date last seen Price effective from Koha item type
          College of Aeronautical Engineering (CAE) College of Aeronautical Engineering (CAE) 04/03/2017   297.265 AZI CAE88530 04/05/2017 04/05/2017 Book
© 2023 Central Library, National University of Sciences and Technology. All Rights Reserved.